000 00509nam a2200193Ia 4500
003 GCL
008 140319s9999 xx 000 0 eng d
040 _aGCL /
_cGCL
082 0 4 _aCH
_b823
_bH M
100 1 _aHERMAN, EMMIS
245 1 0 _aMY FIRST DAY AT SCHOOL /
_cHERMAN, EMMIS
700 1 _aFLANIGAN, RUTH J
260 _a[S.N] :
_bMY CLANAHAN BOOK COMPANY, INC ،
_c1992
650 0 4 _aENGLISH LITERATURE
650 0 4 _aLITERATURE
650 0 4 _aENGLISH FICTION
650 0 4 _aFICTION
942 _2ddc
_cBK
999 _c14755
_d14755